| Tag |
First Indicator |
Second Indicator |
Subfields |
| LEADER |
00000ccm a2200000 4500 |
| 001 |
in00001407087 |
| 005 |
20151020073123.0 |
| 008 |
740821s1964 enkctb n eng |
| 010 |
|
|
|a 64042667
|
| 019 |
|
|
|a 20697003
|
| 028 |
2 |
0 |
|a B. & H. 19149
|b Boosey & Hawkes
|
| 028 |
3 |
0 |
|a 752
|b Boosey & Hawkes
|
| 035 |
|
|
|a (OCoLC)00985145
|
| 035 |
|
|
|9 AHQ4058AM
|
| 040 |
|
|
|a DLC
|c WSU
|d OCL
|d OKS
|d OCL
|d TXA
|d UtOrBLW
|
| 041 |
1 |
|
|a lat
|e eng
|e lat
|
| 045 |
0 |
|
|b d19630525
|
| 048 |
|
|
|b vd01
|b ve01
|b sa02
|b sb01
|b sc01
|a ca04
|a ka01
|a ta01
|
| 049 |
|
|
|a TXAM
|
| 050 |
0 |
0 |
|a M2020
|b .B76 op.69
|
| 090 |
|
|
|a M2020.B853
|b op.69 1964
|
| 092 |
|
|
|a 783.4
|b B862c, op.69, 1964
|
| 100 |
1 |
|
|a Britten, Benjamin,
|d 1913-1976.
|
| 240 |
1 |
0 |
|a Cantata misericordium.
|l Latin
|
| 245 |
1 |
0 |
|a Cantata misericordium :
|b [for tenor and baritone solos, chorus, and small orchestra, op. 69] /
|c Text by Patrick Wilkinson.
|
| 264 |
|
1 |
|a London :
|b Boosey & Hawkes,
|c [1964]
|
| 300 |
|
|
|a 6 unnumbered pages, miniature score (63 pages) ;
|c 19 cm.
|
| 306 |
|
|
|a 001930
|
| 336 |
|
|
|a notated music
|b ntm
|2 rdacontent
|
| 337 |
|
|
|a unmediated
|b n
|2 rdamedia
|
| 338 |
|
|
|a volume
|b nc
|2 rdacarrier
|
| 490 |
1 |
|
|a Hawkes pocket scores ;
|v no. 752
|
| 500 |
|
|
|a Duration: 19 min., 30 sec.
|
| 500 |
|
|
|a Words also printed as text, with English translation, on pages [4]-[5].
|
| 650 |
|
0 |
|a Cantatas, Sacred
|v Scores.
|
| 700 |
1 |
|
|a Wilkinson, L. P.
|t Cantata misericordium.
|
| 830 |
|
0 |
|a Hawkes pocket scores ;
|v no. 752.
|
| 948 |
|
|
|a c:jlg
|
| 999 |
|
|
|a MARS
|
| 999 |
f |
f |
|s 8ba24d75-9080-3eaf-9f31-0602c878aa34
|i a1ecdd36-ce8c-3e9c-92da-dabee5c965b3
|t 0
|
| 952 |
f |
f |
|p ric
|a Texas A&M University
|b Rellis Campus
|c Joint Library Facility
|d Remote Storage
|t 0
|e M2020.B853 op.69 1964
|h Library of Congress classification
|i unmediated -- volume
|m A14823305395
|
| 998 |
f |
f |
|a M2020.B853 op.69 1964
|t 0
|l Remote Storage
|